Financial accounting/ (Record no. 11402)

MARC details
000 -LEADER
fixed length control field 00607nam a22002177a 4500
005 - DATE AND TIME OF LATEST TRANSACTION
control field 20220926111934.0
008 - FIXED-LENGTH DATA ELEMENTS--GENERAL INFORMATION
fixed length control field 220926b ||||| |||| 00| 0 eng d
020 ## - INTERNATIONAL STANDARD BOOK NUMBER
International Standard Book Number 9789353594855
040 ## - CATALOGING SOURCE
Original cataloging agency IN-DiNC
Transcribing agency IN-DiNC
041 ## - LANGUAGE CODE
Language code of sung or spoken text English
082 ## - DEWEY DECIMAL CLASSIFICATION NUMBER
Classification number 657
Item number FIN
245 ## - TITLE STATEMENT
Title Financial accounting/
Statement of responsibility, etc. by SP Jain and others
250 ## - EDITION STATEMENT
Edition statement 5th rev. ed.
260 ## - PUBLICATION, DISTRIBUTION, ETC.
Place of publication, distribution, etc. Ludhiana:
Name of publisher, distributor, etc. Kalyani publishers,
Date of publication, distribution, etc. 2022.
650 ## - SUBJECT ADDED ENTRY--TOPICAL TERM
Topical term or geographic name entry element Meaning and scope of accounting
700 ## - ADDED ENTRY--PERSONAL NAME
Personal name Jain, SP
Relator term Author
700 ## - ADDED ENTRY--PERSONAL NAME
Personal name Narang, KL
Relator term Author
700 ## - ADDED ENTRY--PERSONAL NAME
Personal name Agrawal, Simmi
Relator term Author
700 ## - ADDED ENTRY--PERSONAL NAME
Personal name Sehgal, Monika
Relator term Author
942 ## - ADDED ENTRY ELEMENTS (KOHA)
Source of classification or shelving scheme Dewey Decimal Classification
Koha item type Books
Holdings
Withdrawn status Lost status Source of classification or shelving scheme Damaged status Not for loan Collection code Home library Current library Shelving location Date acquired Cost, normal purchase price Total Checkouts Full call number Barcode Date last seen Date last checked out Copy number Price effective from Koha item type
    Dewey Decimal Classification     Commerce Central Library, Naharkatiya College Central Library, Naharkatiya College General Stacks 26/09/2022 395.00 9 657 FIN 29125 30/04/2025 23/04/2025 1 26/09/2022 Books
    Dewey Decimal Classification     Commerce Central Library, Naharkatiya College Central Library, Naharkatiya College General Stacks 26/09/2022 395.00   657 FIN 29126 26/09/2022   2 26/09/2022 Books

Naharkatiya College © 2020. All rights reserved.

Powered By